Islam and Western civilization: (Record no. 542248)

000 -LEADER
fixed length control field 00536nam a2200181Ia 4500
020 ## - INTERNATIONAL STANDARD BOOK NUMBER
International Standard Book Number 9698373004(hb)
082 ## - DEWEY DECIMAL CLASSIFICATION NUMBER
Classification number 297.197
Author Mark HUS
-- L39,P-135
100 ## - MAIN ENTRY--PERSONAL NAME
Personal name Hussain, Iqbal S.
9 (RLIN) 328
245 ## - TITLE STATEMENT
Title Islam and Western civilization:
Remainder of title creating a world of excellence.
250 ## - EDITION STATEMENT
Edition statement 2nd ed.
260 ## - PUBLICATION, DISTRIBUTION, ETC.
Place of publication, distribution, etc. Lahore:
Name of publisher, distributor, etc. Adbistan,
Date of publication, distribution, etc. 2000
300 ## - PHYSICAL DESCRIPTION
Extent 335p: ill
526 ## - STUDY PROGRAM INFORMATION NOTE
Program name 0
Interest level 0
Reading level 0
Title point value 297_197000000000000_HUS
526 ## - STUDY PROGRAM INFORMATION NOTE
Program name 0
Interest level 0
Reading level 0
Title point value 297_197000000000000_HUS
650 ## - SUBJECT ADDED ENTRY--TOPICAL TERM
Topical term or geographic name entry element Islam and Social Problems
9 (RLIN) 291
650 ## - SUBJECT ADDED ENTRY--TOPICAL TERM
Topical term or geographic name entry element NUST
9 (RLIN) 6342
942 ## - ADDED ENTRY ELEMENTS (KOHA)
Source of classification or shelving scheme
Koha item type Book
Holdings
Withdrawn status Lost status Source of classification or shelving scheme Damaged status Not for loan Permanent Location Current Location Date acquired Total Checkouts Full call number Barcode Date last seen Price effective from Koha item type
          Military College of Engineering (MCE) Military College of Engineering (MCE) 09/26/2013   297.197 HUS MCE-41814 09/26/2013 09/26/2013 Book
          Military College of Engineering (MCE) Military College of Engineering (MCE) 09/26/2013   297.197 HUS MCE-41813 09/26/2013 09/26/2013 Book
© 2023 Central Library, National University of Sciences and Technology. All Rights Reserved.